| 000 | 01510cam a22003734a 4500 | ||
|---|---|---|---|
| 001 | 14052591 | ||
| 003 | USPCAS-E | ||
| 005 | 20180118181417.0 | ||
| 008 | 050726s2006 enka b 001 0 eng | ||
| 010 | _a 2005021404 | ||
| 015 |
_aGBA588254 _2bnb |
||
| 016 | 7 |
_a013315580 _2Uk |
|
| 020 | _a0470021721 (cloth : alk. paper) | ||
| 020 | _a9780470021729 (cloth : alk. paper) | ||
| 035 | _a(OCoLC)ocm61169770 | ||
| 040 |
_aDLC _cDLC _dBAKER _dBWKUK _dUKM _dYUS _dDLC |
||
| 042 | _apcc | ||
| 050 | 0 | 0 |
_aTA424 _b.H55 2006 |
| 082 | 0 | 0 |
_a620.12 _222 _bHIL-W 2006 |
| 100 | 1 | _aHill, Callum A. S. | |
| 245 | 1 | 0 |
_aWood modification : _bchemical, thermal and other processes / _cCallum A.S. Hill. |
| 260 |
_aChichester, England ; _aHoboken, NJ : _bJohn Wiley & Sons, _cc2006. |
||
| 300 |
_axix, 239 p. : _bill. ; _c26 cm. |
||
| 440 | 0 | _aWiley series in renewable resources | |
| 502 | _a. | ||
| 504 | _aIncludes bibliographical references (p. [201]-231) and index. | ||
| 650 | 0 |
_aWood _xPreservation. |
|
| 856 | 4 | 1 |
_3Table of contents only _uhttp://www.loc.gov/catdir/toc/ecip0516/2005021404.html |
| 856 | 4 | 2 |
_3Publisher description _uhttp://www.loc.gov/catdir/enhancements/fy0622/2005021404-d.html |
| 856 | 4 | 2 |
_3Contributor biographical information _uhttp://www.loc.gov/catdir/enhancements/fy0740/2005021404-b.html |
| 906 |
_a7 _bcbc _corignew _d1 _eecip _f20 _gy-gencatlg |
||
| 942 |
_2ddc _cBK |
||
| 999 |
_c355882 _d355882 |
||